Sports Quiz

Random Sports or MLB Quiz
Score 0/30 Timer 06:00
0 Plays Today
Pitching Arm Pitcher % Correct
RNolan Ryan
86.1%
RWalter Johnson
80.8%
LTommy John
80.1%
RJohn Healy
80.1%
RCy Young
62.3%
RPhil Niekro
41.7%
RJoe Niekro
41.7%
RJohn Smoltz
37.7%
LSteve Carlton
33.8%
RGaylord Perry
28.5%
RDavid Cone
18.5%
RCharlie Hough
16.6%
RPud Galvin
11.3%
RKid Nichols
10.6%
RTim Keefe
9.9%
Pitching Arm Pitcher % Correct
RWill White
9.9%
RJack Morris
8.6%
RMickey Welch
7.3%
RCharley Radbourn
6%
RJohn Clarkson
2.6%
RJim Whitney
2%
RJohn Ward
1.3%
RAmos Rusie
0.7%
RAdonis Terry
0.7%
RMark Baldwin
0%
RTony Mullane
0%
RJim McCormick
0%
RRed Ames
0%
RCharlie Buffinton
0%
REd Crane
0%

You're not logged in!

Compare scores with friends on all Sporcle quizzes.
OR
Log In

Sporcle TV

Today on Sporcle TV


Watch our educational content, quiz creation guides, and fun videos on Sporcle TV.

Show Comments

Extras

Top Quizzes Today


Score Distribution

Paid Content

Your Account Isn't Verified!

In order to create a playlist on Sporcle, you need to verify the email address you used during registration. Go to your Sporcle Settings to finish the process.

Report this User

Report this user for behavior that violates our Community Guidelines.

Details: